People's participation in adult education (Record no. 492854)

000 -LEADER
fixed length control field 00485cam a22001337a 4500
008 - FIXED-LENGTH DATA ELEMENTS--GENERAL INFORMATION
fixed length control field 180718b1973 xxu||||| |||| 00| 0 eng d
082 ## - DEWEY DECIMAL CLASSIFICATION NUMBER
Classification number P8x54 P39
100 ## - MAIN ENTRY--PERSONAL NAME
Personal name National Seminar on People's Participation in Adult Education, Jan. 4-8, 1971: New Delhi
245 ## - TITLE STATEMENT
Title People's participation in adult education
260 ## - PUBLICATION, DISTRIBUTION, ETC.
Place of publication, distribution, etc. New Delhi
Name of publisher, distributor, etc. Central Institute of Research and Training in Public Co-operation
Date of publication, distribution, etc. 1973
300 ## - PHYSICAL DESCRIPTION
Extent 106p.
650 ## - SUBJECT ADDED ENTRY--TOPICAL TERM
Topical term or geographic name entry element Adult education - India
650 ## - SUBJECT ADDED ENTRY--TOPICAL TERM
Topical term or geographic name entry element Education
Holdings
Withdrawn status Lost status Damaged status Not for loan Permanent Location Current Location Date acquired Full call number Barcode Date last seen Price effective from Koha item type
        Indian Institute of Public Administration Indian Institute of Public Administration 2018-08-04 P8x54 P39 GR16863 2018-08-04 2018-08-04 GR

Powered by Koha